[Event "2009 Standard Chess Dropout Tournament, Round 1"]
[Site "SchemingMind.com"]
[Date "2008.11.11"]
[Round "1"]
[White "KaliYuga"]
[Black "mmccaffe"]
[Result "1-0"]
[WhiteCountry "IRL"]
[BlackCountry "USA"]
[WhiteElo "1898"]
[WhiteRD "95"]
[BlackElo "1488"]
[BlackRD "51"]
[GameID "178406"]

1. d4 Nf6 2. c4 g6 3. Nc3 Bg7 4. e4 d6 5. f4 O-O 6. Nf3 Bg4 7. Be2 Bxf3 8. Bxf3 c5 9. d5 Na6 10. O-O Nc7
11. a4 a6 12. e5 dxe5 13. fxe5 Nd7 14. d6 Ne6 15. Bxb7 Ra7 16. dxe7 Qxe7 17. Be4 Nxe5 18. Nd5 Qd8 19. Be3 Nxc4 20. Qb3 Nxe3
21. Qxe3 Bxb2 22. Rad1 Qg5 23. Qb3 Bd4+ 24. Kh1 Nc7 25. Rxd4 cxd4 26. Nf6+ Kg7 27. Qb6 Rfa8 28. Bxa8
1-0

[Event "2009 Standard Chess Dropout Tournament, Round 1"]
[Site "SchemingMind.com"]
[Date "2008.11.11"]
[Round "1"]
[White "keen"]
[Black "RA~H"]
[Result "0-1"]
[WhiteCountry "SCO"]
[BlackCountry "USA"]
[WhiteElo "1638"]
[WhiteRD "56"]
[BlackElo "1920"]
[BlackRD "129"]
[GameID "178407"]

1. d4 Nf6 2. e3 b6 3. Nd2 Bb7 4. Ngf3 g6 5. g3 Bg7 6. Bg2 O-O 7. O-O d6 8. b3 Nbd7 9. Bb2 Nh5 10. Rb1 c5
11. c4 cxd4 12. exd4 Rc8 13. Qe2 f5 14. d5 e5 15. Nh4 f4 16. Ne4 Nc5 17. Ng5 Qxg5 18. Nf3 Qe7 19. g4 Nf6 20. g5 Nfd7
21. h4 Rce8 22. Bh3 Bc8 23. b4 Nb7 24. Be6+ Kh8 25. Kg2 Nb8 26. h5 Bxe6 27. dxe6 gxh5 28. Rh1 Qxe6 29. Rh4 e4 30. Bxg7+ Kxg7
31. Qb2+ Kg8 32. Nd4 f3+ 33. Kh1 Qg6 34. Rg1 Re5 35. Qc1 Nd8 36. Rg3 Ne6 37. Nxe6 Rxe6 38. Qe3 Nd7 39. Rgh3 Ne5 40. Rxh5 Ng4
41. Qd4 Re5 42. c5 bxc5 43. Qc4+ d5 44. Qxc5 Nf6 45. Rh6 Qxg5 46. Rg3 Ng4 47. Rhh3 h5 48. Qxa7 e3 49. Rxg4 Qxg4 50. Rg3 e2
0-1

[Event "2009 Standard Chess Dropout Tournament, Round 1"]
[Site "SchemingMind.com"]
[Date "2008.11.14"]
[Round "1"]
[White "Kobiahshi"]
[Black "Apatchenlama"]
[Result "0-1"]
[WhiteCountry "USA"]
[BlackCountry "GER"]
[WhiteElo "1579"]
[WhiteRD "76"]
[BlackElo "1726"]
[BlackRD "104"]
[GameID "178408"]

1. e4 c5 2. Nf3 Nc6 3. d4 cxd4 4. Nxd4 Nf6 5. Nc3 e5 6. Ndb5 d6 7. Bg5 a6 8. Na3 b5 9. Nd5 Be7 10. Bxf6 Bxf6
11. c3 O-O 12. Nc2 Bg5 13. a4 bxa4 14. Rxa4 f5 15. exf5 Rxf5 16. Bd3 Rf8 17. O-O a5 18. Qh5 g6 19. Qd1 Be6 20. Bc4 Kh8
21. b4 axb4 22. Ncxb4 Rc8 23. Ba6 Nxb4 24. Bxc8 Nxd5 25. Ra8 Nxc3 26. Qc2 Qc7 27. Qd3 Rxc8 28. Raa1 d5 29. Rfe1 d4 30. Kh1 Bd5
31. Rg1 Rf8 32. Qg3 Bf4 33. Qh4 Rf5 34. f3 Bxh2 35. Rgf1 Bf4 36. Qg4 Rh5+ 37. Kg1 Be3+ 38. Rf2 Ne2+
0-1

[Event "2009 Standard Chess Dropout Tournament, Round 1"]
[Site "SchemingMind.com"]
[Date "2008.11.11"]
[Round "1"]
[White "kynoceros"]
[Black "Mel-o-rama"]
[Result "0-1"]
[WhiteCountry "USA"]
[BlackCountry "USA"]
[WhiteElo "1655"]
[WhiteRD "140"]
[BlackElo "1878"]
[BlackRD "112"]
[GameID "178409"]

1. e4 e5 2. f4 Bc5 3. d3 exf4 4. Bxf4 Qf6 5. Ne2 Qxb2 6. Nbc3 Bb4 7. Be5 f6 8. Rb1 Qa3 9. g3 fxe5 10. Bg2 Bxc3+
11. Nxc3 Qxc3+ 12. Ke2 b6 13. Rb3 Qc5 14. Rf1 d5 15. exd5 Bb7 16. c4 Nf6 17. Rb5 Qe7 18. d6 cxd6 19. Bxb7 Qxb7 20. Qa4 O-O
21. h3 Qg2+ 22. Rf2 Qxg3 23. Rxb6 e4 24. dxe4 Nbd7 25. Qb3 Qxb3 26. Rxb3 Nxe4 27. Rff3 Ndc5
0-1

[Event "2009 Standard Chess Dropout Tournament, Round 1"]
[Site "SchemingMind.com"]
[Date "2008.11.15"]
[Round "1"]
[White "lame wolf"]
[Black "remigius"]
[Result "0-1"]
[WhiteCountry "INT"]
[BlackCountry "ESP"]
[WhiteElo "994"]
[WhiteRD "56"]
[BlackElo "1781"]
[BlackRD "93"]
[GameID "178410"]

1. c3 e5 2. e4 d5 3. Qc2 Nf6 4. c4 dxe4 5. d3 Bb4+ 6. Bd2 Bxd2+ 7. Qxd2 exd3 8. Qxd3 O-O 9. b3 Qd4 10. Qxd4 exd4
11. Bd3 Nc6 12. Nd2 Re8+ 13. Ne2 Nb4 14. Bb1 d3 15. a3 Rxe2+ 16. Kd1 Nc6 17. Bxd3 Rxf2 18. g3 Bh3 19. Ra2 Rd8 20. Kc2 Bf5
21. Rf1 Bxd3+ 22. Kc3 Bxf1
0-1

[Event "2009 Standard Chess Dropout Tournament, Round 1"]
[Site "SchemingMind.com"]
[Date "2008.11.11"]
[Round "1"]
[White "John Elburg"]
[Black "Patjanka"]
[Result "1-0"]
[WhiteCountry "NED"]
[BlackCountry "DEN"]
[WhiteElo "2372"]
[WhiteRD "92"]
[BlackElo "2127"]
[BlackRD "79"]
[GameID "178411"]

1. e4 c5 2. Nf3 Nc6 3. d4 cxd4 4. Nxd4 e5 5. Nb5 d6 6. N1c3 a6 7. Na3 b5 8. Nd5 Nge7 9. c4 Nd4 10. cxb5 Nxd5
11. exd5 Bd7 12. Be3 axb5 13. Bxd4 exd4 14. Bd3 Qa5+ 15. Kf1 Be7 16. Qe2 Kd8 17. Bxb5 Bf6 18. Qd3 Be8 19. Bc4 Rb8 20. Bb3 Bd7
21. Kg1 Re8 22. h4 h5 23. Qg3 Re7 24. Rc1 Be5 25. f4 Bf6 26. Kh2 Re2 27. Bd1 Re3 28. Bf3 g6 29. Nc4 Qa6 30. Nxe3 dxe3
31. Rhe1 Qa7 32. Bxh5 gxh5 33. Rxe3 Bg4 34. Rc6 Kd7 35. f5 Be5 36. Rxe5
1-0

[Event "2009 Standard Chess Dropout Tournament, Round 1"]
[Site "SchemingMind.com"]
[Date "2008.11.11"]
[Round "1"]
[White "leaston"]
[Black "reptile"]
[Result "0-1"]
[WhiteCountry "ENG"]
[BlackCountry "ISR"]
[WhiteElo "1588"]
[WhiteRD "208"]
[BlackElo "1905"]
[BlackRD "73"]
[GameID "178412"]

1. d4 Nf6 2. c4 e6 3. Nf3 Bb4+ 4. Bd2 a5 5. Nc3 O-O 6. e3 d6 7. Bd3 Nbd7 8. O-O Re8 9. a3 Bxc3 10. Bxc3 c5
11. b4 b6 12. Qc2 Bb7 13. dxc5 dxc5 14. bxc5 Bxf3 15. gxf3 bxc5 16. Rab1 e5 17. Rfd1 Qe7 18. Bf5 Nf8 19. Rb5 a4 20. Qb2 Ng6
21. Rb7 Qf8 22. Bxg6 fxg6 23. Bxe5 Re7 24. Bd6 Rxb7 25. Qxb7 Qc8 26. Rb1 Nd7 27. Qd5+ Kh8 28. Rb5 h6 29. Bxc5 Nf6 30. Qd3 Qe8
31. Rb4 Qf7 32. Bd4 Nh5 33. Qe4 Re8 34. Qd5 Qe7
0-1

[Event "2009 Standard Chess Dropout Tournament, Round 1"]
[Site "SchemingMind.com"]
[Date "2008.11.15"]
[Round "1"]
[White "Lee Shuck"]
[Black "Mijical"]
[Result "0-1"]
[WhiteCountry "ENG"]
[BlackCountry "CAN"]
[WhiteElo "1507"]
[WhiteRD "79"]
[BlackElo "1610"]
[BlackRD "72"]
[GameID "178413"]

1. e4 e5 2. Nf3 Nf6 3. Nxe5 d6 4. Nf3 Nxe4 5. d4 d5 6. Bd3 Be6 7. O-O Be7 8. Nbd2 Nf6 9. Qe2 O-O 10. c4 c6
11. c5 h6 12. Re1 Qc7 13. h3 Nh5 14. Qe5 Qxe5 15. Nxe5 Nf4 16. Ndf3 Nxd3 17. Nxd3 Bf6 18. Nfe5 Na6 19. Ng4 Bxd4 20. Be3 Bxe3
21. Nxe3 d4 22. Nc2 Bf5 23. Rad1 Bxd3 24. Rxd3 Nxc5 25. Rxd4 Rad8 26. Rxd8 Rxd8 27. b4 Na6 28. a4 Nb8 29. b5 c5 30. a5 Nd7
31. Re7 Kf8 32. Re3 b6 33. a6 f6 34. g4 Ne5 35. f4 Nc4 36. Rc3 Rd1+ 37. Kf2 Rb1 38. Na3 Nxa3 39. Rxa3 Ke7 40. Re3+ Kd6
41. Rd3+ Ke6 42. f5+ Ke5 43. Rd7 Rb2+ 44. Ke3 Rb3+ 45. Rd3 Rxd3+ 46. Kxd3 Kd5 47. Kc3 c4 48. h4 Kc5 49. h5 Kd5 50. Kb4 Kd4
0-1

[Event "2009 Standard Chess Dropout Tournament, Round 1"]
[Site "SchemingMind.com"]
[Date "2008.11.10"]
[Round "1"]
[White "lemmie"]
[Black "Fred Fanelli"]
[Result "1-0"]
[WhiteCountry "NED"]
[BlackCountry "USA"]
[WhiteElo "1701"]
[WhiteRD "50"]
[BlackElo "1457"]
[BlackRD "83"]
[GameID "178414"]

1. e4 c6 2. Nf3 d5 3. exd5 cxd5 4. d4 Nc6 5. Bb5 Bd7 6. Nc3 e6 7. O-O Bd6 8. Re1 Nge7 9. Bxc6 Nxc6 10. Nxd5 O-O
11. Ne3 Qc7 12. c3 h6 13. h3 Rad8 14. Nc4 Bc8 15. Nfe5 Bxe5 16. Nxe5 Nxe5 17. Bf4 f6 18. Qb3 g5 19. Bxe5 fxe5 20. Rxe5 Qd6
21. Rae1 Rde8 22. Qc2 Rf6 23. R1e3 Bd7 24. a3 Ref8 25. Rf3 Kg7 26. Rxf6 Rxf6 27. Qe2 Qf8 28. f3 Rf5 29. Kh2 Qd6 30. Kg1 Kf6
31. Re3 e5 32. dxe5+ Rxe5 33. Re4 Bc6 34. Rxe5 Qxe5 35. Qf2 a6 36. Qd2 Qg3 37. Qd8+ Ke6 38. Qg8+ Kf5 39. Qf7+
1-0

[Event "2009 Standard Chess Dropout Tournament, Round 1"]
[Site "SchemingMind.com"]
[Date "2008.11.15"]
[Round "1"]
[White "loco61"]
[Black "Dreadtower"]
[Result "0-1"]
[WhiteCountry "ENG"]
[BlackCountry "ENG"]
[WhiteElo "1591"]
[WhiteRD "63"]
[BlackElo "1802"]
[BlackRD "104"]
[GameID "178415"]

1. e4 c5 2. Nf3 d6 3. Bc4 Nf6 4. d3 e6 5. Bg5 Be7 6. Nc3 O-O 7. Qd2 a6 8. O-O Nc6 9. Rfe1 b5 10. Bb3 Qc7
11. Ne2 Bb7 12. c3 Na5 13. Bc2 c4 14. Bxf6 Bxf6 15. d4 Nc6 16. Ng3 g6 17. Rad1 Bg7 18. e5 dxe5 19. dxe5 Nxe5 20. Nxe5 Bxe5
21. Qd7 Qxd7 22. Rxd7 Bc6 23. Rd2 Bf4 24. Rd4 Bc7 25. Ne4 Rfd8 26. Red1 Rxd4 27. Rxd4 Rd8 28. Rxd8+ Bxd8 29. f3 Bb6+ 30. Kf1 Be3
31. Ke2 Bc1 32. b3 Bd5 33. b4 Bf4 34. g3 Bc7 35. a4 Bxe4 36. fxe4 bxa4 37. Bxa4 h5 38. Kf3 Be5 39. Ke3 Bxc3 40. b5 a5
41. b6 Be5 42. Bb5 c3 43. Kd3 Kf8 44. Kc2 g5 45. Ba4 f6 46. Bd7 Ke7 47. Ba4 Kd6 48. Kd3 f5 49. exf5 exf5 50. Bc2 f4
51. gxf4 Bxf4 52. h3 Be5 53. Ke4 Ke6 54. Bb3+ Kf6 55. Bc2 g4 56. hxg4 hxg4 57. b7 g3 58. Kf3 Ke6 59. Ke3 Kd5 60. Be4+ Kc4
61. Bc2 Kb4 62. Kf3 a4 63. Bb1 Kb3 64. Ke4 Bb8
0-1

[Event "2009 Standard Chess Dropout Tournament, Round 1"]
[Site "SchemingMind.com"]
[Date "2008.11.12"]
[Round "1"]
[White "Clive Everill"]
[Black "Kobiahshi"]
[Result "1/2-1/2"]
[WhiteCountry "CZE"]
[BlackCountry "USA"]
[WhiteElo "1644"]
[WhiteRD "50"]
[BlackElo "1656"]
[BlackRD "86"]
[GameID "178417"]

1. e4 c5 2. Nf3 d6 3. Na3 e6 4. d4 cxd4 5. Nxd4 Nf6 6. Bg5 e5 7. Bb5+ Bd7 8. Bxd7+ Nbxd7 9. O-O exd4 10. Qxd4 Be7
11. f4 Qb6 12. Qxb6 axb6 13. Rfe1 Nh5 14. Bxe7 Kxe7 15. g3 Rhe8 16. Nc4 b5 17. Ne3 Kf8 18. Nd5 Rac8 19. c3 Kg8 20. Rad1 Nhf6
21. Nxf6+ Nxf6 22. Rxd6 Nxe4 23. Rb6 h6 24. Rxb7 Nd2 25. Rxe8+ Rxe8 26. Rxb5 Re1+ 27. Kf2 Re8 28. a4 Ne4+ 29. Kf3 Nd2+ 30. Kg4 g6
31. a5 h5+ 32. Kh3 Nf3 33. Kg2 Ne1+ 34. Kf2 Nd3+=
1/2-1/2

[Event "2009 Standard Chess Dropout Tournament, Round 1"]
[Site "SchemingMind.com"]
[Date "2008.11.15"]
[Round "1"]
[White "Malfurion"]
[Black "Faloan"]
[Result "1-0"]
[WhiteCountry "USA"]
[BlackCountry "GER"]
[WhiteElo "2290"]
[WhiteRD "90"]
[BlackElo "2211"]
[BlackRD "103"]
[GameID "178418"]

1. d4 f5 2. g3 Nf6 3. Bg2 g6 4. Nh3 Bg7 5. Nf4 Nc6 6. d5 Ne5 7. Nc3 c6 8. e4 d6 9. O-O O-O 10. exf5 Bxf5
11. h3 Rc8 12. Re1 Qe8 13. Ne6 Bxe6 14. dxe6 Nh5 15. Rb1 h6 16. a4 g5 17. Be3 a6 18. b3 Rf6 19. Bd2 Bh8 20. a5 Ng7
21. f4 gxf4 22. Bxf4 Rd8 23. Ne4 Rxe6 24. Rf1 Nd7 25. g4 Qg6 26. Ng3 Rf8 27. Rc1 Ref6 28. Be4 Qf7 29. Bxh6 Rxf1+ 30. Qxf1 Qe6
31. Bf4 Nf6 32. Re1 Nxe4 33. Rxe4 Qg6 34. Qg2 e5 35. Bc1 Re8 36. Rb4 Re7 37. h4 d5 38. h5 Qd6 39. Ra4 Rf7 40. Nf5 Nxf5
41. gxf5+
1-0

[Event "2009 Standard Chess Dropout Tournament, Round 1"]
[Site "SchemingMind.com"]
[Date "2008.11.15"]
[Round "1"]
[White "marble"]
[Black "smothered mate"]
[Result "1-0"]
[WhiteCountry "ENG"]
[BlackCountry "POL"]
[WhiteElo "1874"]
[WhiteRD "57"]
[BlackElo "1882"]
[BlackRD "54"]
[GameID "178419"]

1. e4 e5 2. Nf3 d6 3. Bc4 c6 4. h3 Be7 5. Nc3 h6 6. d4 Nd7 7. a4 Qc7 8. Be3 Ngf6 9. O-O Nf8 10. a5 g5
11. Nh2 Ng6 12. d5 Bd7 13. Ng4 Bxg4 14. hxg4 Qd7 15. a6 b6 16. dxc6 Qxg4 17. Qxg4 Nxg4 18. c7 Nxe3 19. fxe3 O-O 20. Bd5 Rac8
21. Nb5 g4 22. Ra3 Bg5 23. Bxf7+ Kg7 24. Bxg6 Rxf1+ 25. Kxf1 Kxg6 26. Rc3
1-0

[Event "2009 Standard Chess Dropout Tournament, Round 1"]
[Site "SchemingMind.com"]
[Date "2008.11.11"]
[Round "1"]
[White "Mariazb"]
[Black "Theodoric"]
[Result "1-0"]
[WhiteCountry "ARG"]
[BlackCountry "ENG"]
[WhiteElo "2258"]
[WhiteRD "85"]
[BlackElo "1993"]
[BlackRD "70"]
[GameID "178420"]

1. d4 Nf6 2. c4 c5 3. Nf3 cxd4 4. Nxd4 e6 5. g3 d5 6. Bg2 e5 7. Nf3 e4 8. Nd4 dxc4 9. O-O Bc5 10. Qa4+ Nc6
11. Nxc6 Qd7 12. Nc3 Qxc6 13. Qxc6+ bxc6 14. Nxe4 Nxe4 15. Bxe4 Bb7 16. Bf4 Rc8 17. Rfd1 Rd8 18. Rxd8+ Kxd8 19. Rc1 Re8 20. Bf3 Ba6
21. Rd1+ Ke7 22. Bxc6 Rd8 23. Rxd8 Kxd8 24. Be5 f6 25. Bc3 Kc7 26. Bd5 Kd6 27. e4 Ke7 28. a4 Kd6 29. Kg2 Ke7 30. f4 Kd6
31. Bg8 h6 32. e5+ Ke7 33. Bd5 f5 34. Kf3 h5 35. Bd2 g6 36. Be3 Bb4 37. Bxa7 Kd7 38. Bf7 h4 39. gxh4 Bb7+ 40. Ke3 Be1
41. Bxg6 Ke6 42. h5 Bb4 43. h6 Bf8 44. h7 Bg7 45. Bb6 Be4 46. Bd8
1-0

[Event "2009 Standard Chess Dropout Tournament, Round 1"]
[Site "SchemingMind.com"]
[Date "2008.11.15"]
[Round "1"]
[White "MARISCAL"]
[Black "neoliminal"]
[Result "1-0"]
[WhiteCountry "ESP"]
[BlackCountry "CRC"]
[WhiteElo "2291"]
[WhiteRD "91"]
[BlackElo "1423"]
[BlackRD "104"]
[GameID "178421"]

1. e4 e6 2. d4 d5 3. e5 c5 4. c3 Nc6 5. Nf3 Qb6 6. a3 c4 7. g3 h6 8. Nbd2 Be7 9. b3 Na5 10. bxc4 dxc4
11. Nxc4 Nxc4 12. Bxc4 Qc6 13. Qd3 g5 14. Bb5
1-0

[Event "2009 Standard Chess Dropout Tournament, Round 1"]
[Site "SchemingMind.com"]
[Date "2008.11.13"]
[Round "1"]
[White "markakeen"]
[Black "lame wolf"]
[Result "1-0"]
[WhiteCountry "GBR"]
[BlackCountry "INT"]
[WhiteElo "1950"]
[WhiteRD "100"]
[BlackElo "995"]
[BlackRD "52"]
[GameID "178422"]

1. d4 d5 2. c4 dxc4 3. Nf3 b5 4. a4 Bd7 5. axb5 Bxb5 6. Nc3 c6 7. e4 e6 8. Bg5 Ba4 9. Qxa4 Qxd4 10. Nxd4 Bb4
11. Nxc6 Bxc3+ 12. bxc3
1-0

[Event "2009 Standard Chess Dropout Tournament, Round 1"]
[Site "SchemingMind.com"]
[Date "2008.11.10"]
[Round "1"]
[White "Marklt"]
[Black "Brerrabbit"]
[Result "0-1"]
[WhiteCountry "URU"]
[BlackCountry "SCO"]
[WhiteElo "1456"]
[WhiteRD "112"]
[BlackElo "1415"]
[BlackRD "69"]
[GameID "178423"]

1. Nf3 d5 2. g3 c5 3. d3 Nf6 4. Bg2 Nc6 5. O-O e5 6. Nbd2 Bg4 7. h3 Bxf3 8. Bxf3 e4 9. dxe4 d4 10. Nc4 Bd6
11. Bg5 O-O 12. e3 Be5 13. Nxe5 Nxe5 14. Be2 Qd6 15. a4 Nxe4 16. Bf4 Rfe8 17. Bc4 dxe3 18. Qxd6 Nxd6 19. Bd5 Rad8
0-1

[Event "2009 Standard Chess Dropout Tournament, Round 1"]
[Site "SchemingMind.com"]
[Date "2008.11.15"]
[Round "1"]
[White "marks"]
[Black "Mel"]
[Result "1-0"]
[WhiteCountry "PHI"]
[BlackCountry "USA"]
[WhiteElo "1744"]
[WhiteRD "86"]
[BlackElo "1641"]
[BlackRD "97"]
[GameID "178424"]

1. e4 e5 2. Nf3 Nc6 3. Bc4 Nf6 4. O-O Bc5 5. d3 d6 6. c3 Bg4 7. Nbd2 d5 8. exd5 Nxd5 9. d4 exd4 10. Re1+ Ne3
11. Qb3 O-O 12. fxe3 dxe3 13. Ne4 Re8 14. Bxf7+ Kf8 15. Nxc5 Re7 16. Ng5 Nd4 17. Nxh7#
1-0

[Event "2009 Standard Chess Dropout Tournament, Round 1"]
[Site "SchemingMind.com"]
[Date "2008.11.12"]
[Round "1"]
[White "mateinhundred"]
[Black "stephen horton"]
[Result "1-0"]
[WhiteCountry "USA"]
[BlackCountry "USA"]
[WhiteElo "2086"]
[WhiteRD "142"]
[BlackElo "1335"]
[BlackRD "212"]
[GameID "178425"]

1. e4 e5 2. Nf3 Nc6 3. Bb5 Bb4 4. c3 Ba5 5. d4 exd4 6. Nxd4 Nf6 7. O-O O-O 8. Bg5 d6 9. Bxc6 bxc6 10. Nxc6 Qe8
11. Nxa5 Qe5 12. Bxf6 gxf6 13. Qd5 Qxd5 14. exd5 Re8 15. Nd2 Ba6 16. Rfe1 Rxe1+ 17. Rxe1 Rb8 18. b4 f5 19. a4 Kf8 20. b5 Bc8
21. Nc6 Rb7 22. Nc4 a6 23. bxa6 Rb3 24. a7 Kg7 25. a8=Q Bd7 26. Qd8 Bxc6 27. Qg5+ Kf8 28. dxc6 Rxc3 29. Qh6+
1-0

[Event "2009 Standard Chess Dropout Tournament, Round 1"]
[Site "SchemingMind.com"]
[Date "2008.11.15"]
[Round "1"]
[White "Mekk"]
[Black "startstek"]
[Result "0-1"]
[WhiteCountry "POL"]
[BlackCountry "ALG"]
[WhiteElo "1978"]
[WhiteRD "84"]
[BlackElo "1919"]
[BlackRD "83"]
[GameID "178426"]

1. e4 e5 2. Nf3 Nc6 3. Bb5 a6 4. Ba4 Nf6 5. O-O Be7 6. Re1 b5 7. Bb3 d6 8. c3 O-O 9. h3 Nb8 10. d3 Nbd7
11. Nbd2 Bb7 12. Nf1 Nc5 13. Bc2 Re8 14. Ng3 Bf8 15. b4 Ncd7 16. d4 g6 17. a4 exd4 18. Nxd4 c5 19. Nf3 Qc7 20. Bf4 Ne5
21. Rc1 Nfd7 22. a5 Bg7 23. Bb1 Rad8 24. Ba2 c4 25. Bb1 Nf8 26. Nd4 Nc6 27. Nf3 Ne6 28. Be3 Qb8 29. Bb6 Rd7 30. Qd2 Ne7
31. Nd4 Nf8 32. Qe2 Nc8 33. Qe3 Nxb6 34. axb6 d5 35. Rcd1 dxe4 36. Bxe4 Rde7 37. Qf3 Bxe4 38. Nxe4 Qxb6 39. Kf1 Nd7 40. Qf4 Qb7
41. Nd6 Rxe1+ 42. Rxe1 Rxe1+ 43. Kxe1 Qd5 44. Ne4 Bxd4 45. cxd4 Qxd4 46. Qf3 Ne5 47. Nf6+ Kg7 48. Ne8+ Kf8 49. Qa8 Nd3+ 50. Kd1 Qa1+
51. Ke2 Qb2+ 52. Kf3 Qxf2+ 53. Kg4 Qf4#
0-1

[Event "2009 Standard Chess Dropout Tournament, Round 1"]
[Site "SchemingMind.com"]
[Date "2008.11.11"]
[Round "1"]
[White "Mel"]
[Black "Andreas Flato"]
[Result "1/2-1/2"]
[WhiteCountry "USA"]
[BlackCountry "GER"]
[WhiteElo "1641"]
[WhiteRD "97"]
[BlackElo "1815"]
[BlackRD "70"]
[GameID "178427"]

1. e4 e5 2. f4 exf4 3. Nf3 d6 4. d4 g5 5. h4 g4 6. Ng1 Nf6 7. Bxf4 Nxe4 8. Ne2 Be7 9. Qd3 d5 10. Nbc3 f5
11. Nb5 Na6 12. g3 c6 13. Nbc3 Bb4 14. Bg5 Nxg5 15. hxg5 Qxg5 16. Nf4 Bd7 17. Qe3+ Qe7 18. Qxe7+ Kxe7 19. O-O-O Rae8 20. Nd3 Bd6
21. Ne2 Kd8 22. Rh6 Bf8 23. Rh5 h6 24. Ne5 Be7 25. Nf7+ Kc8 26. Nxh8 Rxh8 27. Re1 Bg5+ 28. Kb1 Be8 29. Rh2 h5 30. Nf4 h4
31. Ne6 Bf6 32. Bd3 hxg3 33. Rxh8 Bxh8 34. Bxf5 Bd7 35. Bxg4 Bxd4 36. Nxd4 Bxg4 37. Re8+ Kc7 38. Rg8 Bc8=
1/2-1/2

[Event "2009 Standard Chess Dropout Tournament, Round 1"]
[Site "SchemingMind.com"]
[Date "2008.11.11"]
[Round "1"]
[White "Mel-o-rama"]
[Black "lemmie"]
[Result "0-1"]
[WhiteCountry "USA"]
[BlackCountry "NED"]
[WhiteElo "1878"]
[WhiteRD "112"]
[BlackElo "1788"]
[BlackRD "52"]
[GameID "178428"]

1. e4 e5 2. Nf3 Nc6 3. d4 exd4 4. Nxd4 Nxd4 5. Qxd4 d6 6. Nc3 Nf6 7. Bg5 Be7 8. O-O-O Be6 9. f4 h6 10. Bh4 a6
11. f5 Bd7 12. Bc4 b5 13. Bb3 c5 14. Qd3 O-O 15. Bd5 Nxd5 16. exd5 Bxh4 17. Rhf1 Bg5+ 18. Kb1 b4 19. Ne4 Bf6 20. Nxd6 Ba4
21. Nc4 Bb5 22. d6 Ra7 23. Qd5 Bxc4 24. Qxc4 Qb6 25. Rd5 Rd7 26. Qxc5 Qxc5 27. Rxc5 Rxd6 28. a3 bxa3 29. b3 Rfd8 30. c3 Rd2
31. Ra5 Bxc3 32. Rxa3 Rb2+ 33. Kc1 a5 34. Rxa5 Rdd2 35. Ra8+ Kh7 36. Rd1 Rdc2#
0-1

[Event "2009 Standard Chess Dropout Tournament, Round 1"]
[Site "SchemingMind.com"]
[Date "2008.11.10"]
[Round "1"]
[White "Mijical"]
[Black "tyler199"]
[Result "0-1"]
[WhiteCountry "CAN"]
[BlackCountry "CAN"]
[WhiteElo "1629"]
[WhiteRD "76"]
[BlackElo "1701"]
[BlackRD "54"]
[GameID "178430"]

1. Nf3 e6 2. c4 b6 3. g3 Bb7 4. Bg2 Nf6 5. d4 Bb4+ 6. Bd2 Bxd2+ 7. Nbxd2 O-O 8. O-O d6 9. Re1 Nbd7 10. Qc2 Re8
11. e4 e5 12. d5 a5 13. Qa4 Nc5 14. Qc2 h6 15. a3 a4 16. Bh3 Bc8 17. Bxc8 Qxc8 18. Kg2 Rf8 19. Nh4 g6 20. Qd1 Kh7
21. Qf3 Qd8 22. Rh1 Nh5 23. Qg4 Nf6 24. Qf3 Ne8 25. Rab1 Ng7 26. h3 f5 27. Qe3 Qf6 28. Kh2 f4 29. gxf4 Qxf4+ 30. Qxf4 Rxf4
31. Nhf3 Nxe4 32. Rhf1 Nxd2 33. Nxd2 Raf8 34. Kg2 Nf5 35. Rbc1 Nd4 36. f3 g5 37. Rc3 h5 38. Rh1 Kg6 39. Rg1 Ne2 40. Re3 Nxg1
41. Kxg1 g4 42. hxg4 hxg4 43. fxg4 Rxg4+ 44. Kh2 Rh8+ 45. Rh3 Rxh3+
0-1

[Event "2009 Standard Chess Dropout Tournament, Round 1"]
[Site "SchemingMind.com"]
[Date "2008.11.10"]
[Round "1"]
[White "Robert Pallett"]
[Black "fishofchaos"]
[Result "1-0"]
[WhiteCountry "ENG"]
[BlackCountry "ENG"]
[WhiteElo "2301"]
[WhiteRD "73"]
[BlackElo "1909"]
[BlackRD "76"]
[GameID "178431"]

1. e4 c5 2. Nf3 e6 3. d4 cxd4 4. Nxd4 a6 5. Bd3 Bc5 6. Nb3 Be7 7. c4 d6 8. Nc3 Nf6 9. f4 Nc6 10. Be3 b6
11. O-O Bb7 12. Be2 O-O 13. Bf3 Nd7 14. Rf2 Nc5 15. Nd4 Qc7 16. Nxc6 Bxc6 17. b4 Nd7 18. Rc1 f5 19. Nb5 Qb8 20. Nd4 Bxe4
21. Bxe4 fxe4 22. Nxe6 Rf6 23. Qd5 Kh8 24. Qxe4 Rf7 25. f5 Ra7 26. Rd1 a5 27. b5 Ne5 28. Rfd2 Qa8 29. Rd5 Nd7 30. Bd4 Nf6
31. Bxf6 Rxf6 32. c5 bxc5 33. b6 Rb7 34. Rxd6 Bxd6 35. Rxd6 h6 36. Rd7
1-0

[Event "2009 Standard Chess Dropout Tournament, Round 1"]
[Site "SchemingMind.com"]
[Date "2008.11.10"]
[Round "1"]
[White "Mitchell-in"]
[Black "loco61"]
[Result "1/2-1/2"]
[WhiteCountry "ENG"]
[BlackCountry "ENG"]
[WhiteElo "1729"]
[WhiteRD "61"]
[BlackElo "1705"]
[BlackRD "69"]
[GameID "178432"]

1. e4 e5 2. Nf3 Nc6 3. d4 d6 4. dxe5 Nxe5 5. Nxe5 dxe5 6. Qxd8+ Kxd8 7. Bc4 f6 8. O-O Bd6 9. Nc3 Ne7 10. Be3 c6
11. Rad1 Kc7 12. a4 Bb4 13. Na2 Ba5 14. b4 Bb6 15. Bxb6+ axb6 16. Nc3 Bd7 17. f4 Rhf8 18. fxe5 fxe5 19. Rxf8=
1/2-1/2

[Event "2009 Standard Chess Dropout Tournament, Round 1"]
[Site "SchemingMind.com"]
[Date "2008.12.01"]
[Round "1"]
[White "montinskij"]
[Black "Brennan Price"]
[Result "1-0"]
[WhiteCountry "USA"]
[BlackCountry "USA"]
[WhiteElo "2024"]
[WhiteRD "116"]
[BlackElo "2055"]
[BlackRD "88"]
[GameID "178434"]

1. e4 c5 2. Nf3 d6 3. d4 cxd4 4. Nxd4 Nf6 5. Nc3 a6 6. Bg5 e6 7. Qf3 h6 8. Bxf6 Qxf6 9. Qxf6 gxf6 10. f4 h5
11. O-O-O Bd7 12. Nf3 Be7 13. f5 Nc6 14. Be2 O-O-O 15. Rhe1 Kc7 16. g3 b5 17. Rf1 Ne5 18. a3 Kb6 19. Kb1 a5 20. Nd4 b4
21. axb4 axb4 22. Na2 d5 23. fxe6 fxe6 24. exd5 exd5 25. c3 Bh3 26. Rf4 Ng6 27. Rf2 bxc3 28. Nxc3 Ne5 29. Rf4 Ng6 30. Na4+ Kc7
31. Rc1+ Kd6 32. Rf2 Rc8 33. Nc3 Ne5 34. Bf1 Bd7 35. Bg2
1-0

[Event "2009 Standard Chess Dropout Tournament, Round 1"]
[Site "SchemingMind.com"]
[Date "2008.11.12"]
[Round "1"]
[White "Nephi"]
[Black "saxon"]
[Result "0-1"]
[WhiteCountry "ENG"]
[BlackCountry "GER"]
[WhiteElo "1578"]
[WhiteRD "81"]
[BlackElo "2367"]
[BlackRD "116"]
[GameID "178436"]

1. d4 Nf6 2. Nf3 e6 3. e3 b6 4. Bd3 Bb7 5. Nbd2 c5 6. c3 Be7 7. O-O O-O 8. Re1 d6 9. Qc2 Nbd7 10. e4 cxd4
11. cxd4 Rc8 12. Qd1 e5 13. dxe5 dxe5 14. a3 Qc7 15. Qe2 Nc5 16. b4 Nxd3 17. Qxd3 Rfd8 18. Qe3 Qc2 19. Rb1 Nxe4 20. Nxe4 Qxb1
21. Ned2 Qc2 22. Nf1 f6 23. Ng3 Rd1 24. Bd2 Bxf3 25. gxf3 Rxd2 26. Ne4 Rd3 27. Qe2 Qxe2
0-1